[Event "Gausdal Int"]
[Site "Gausdal"]
[Date "1995.??.??"]
[Round "8"]
[White "Kotronias, Vasilios"]
[Black "Djurhuus, Rune"]
[Result "1-0"]
[WhiteElo "2570"]
[BlackElo "2495"]
[Annotator "Tisdall,J"]
[PlyCount "75"]
[EventDate "1995.08.??"]
[EventType "swiss"]
[EventRounds "9"]
[EventCountry "NOR"]
[SourceTitle "CBM 047 Extra"]
[Source "ChessBase"]
[SourceDate "1995.09.01"]
[SourceVersion "1"]
[SourceVersionDate "1995.09.01"]
[SourceQuality "1"]

1. e4 c5 {A gutsy approach from Djurhuus who needed 1,5/2 to make aa GM norm,
probably his third and final. The solid French has a been his favorite but he
has graduated to the Sicilian with encouraging success.} 2. Nf3 d6 3. d4 cxd4
4. Nxd4 Nf6 5. Nc3 a6 6. Bg5 {Kotronias doesn't fool around. He has one of the
sharpest repertoires for a player around 2600, and a style to match.} e6 7. f4
Be7 8. Qf3 Qc7 9. O-O-O Nbd7 10. g4 b5 11. Bxf6 Nxf6 12. g5 Nd7 13. f5 Bxg5+
14. Kb1 O-O $5 {A very rare move. The whole system is a new one for Rune, and
I know that his database research convinced him this line was worth a try. I
wish I knew more - the only game I was unable to unearth was} 15. fxe6 (15. Qg3
Bf6 16. fxe6 Nb6 17. exf7+ Rxf7 18. Bh3 Bxh3 19. Qxh3 Rc8 20. a3 Be5 21. Rd3
Qb7 22. Qe6 Qd7 23. Qxd7 Nxd7 24. Nf5 Nc5 25. Nxd6 Nxd3 26. Nxf7 Bxc3 27. Nd6
Rd8 28. Nb7 Nf2 29. Nxd8 Nxh1 30. bxc3 Nf2 31. e5 Ng4 32. e6 Kf8 33. h4 Ke7 34.
Nb7 Ne5 35. Kb2 Ng6 36. Nc5 Nxh4 37. Nxa6 Kxe6 38. Nc7+ Kd7 39. Nxb5 Nf3 40.
Kc1 Ne5 41. Kd2 Kc6 42. Nd4+ Kd5 43. Ke3 Nc4+ 44. Kf4 Nxa3 45. Kg5 Ke5 46. Nf5
h6+ 47. Nxh6 {1/2-1/2 Kovacs,G-Kofidis,A/Balatonbereny op(03) 1992}) 15... Nb6
16. Nd5 Nxd5 17. exd5 Bf6 (17... fxe6 18. Qh5 Bf6 19. Nxe6 Bxe6 20. dxe6 $14 {
is a pleasant advantage for white.}) 18. Bd3 $3 Bxd4 (18... fxe6 19. Nxe6 Bxe6
20. dxe6 Qc5 {is safer, but still more appealing for white.}) 19. Bxh7+ Kxh7
20. Rxd4 Kg8 21. Rh4 fxe6 (21... Bxe6 22. Qh5 $18) 22. Qh3 Rf5 $8 (22... Rf6
23. Rh8+ Kf7 24. Qh5+ $18) (22... Rf2 23. Rh8+ Kf7 24. Qh5+ $18) 23. Rh8+ Kf7
24. Rg1 $1 Qc4 (24... Bb7 25. Rxg7+ Kxg7 26. Qh6+ Kf7 27. Rh7+ Kg8 28. Qg6+ Kf8
29. Rh8+ Ke7 30. Qxe6#) (24... Qc5 25. Rxg7+ Kxg7 (25... Kf6 26. Rf8+ Ke5 (
26... Kxg7 27. Qh8+ Kg6 28. Rg8+ Kf7 29. Qg7#) 27. Rxf5+ exf5 28. Re7+ Kxd5 (
28... Kf6 29. Qh4+ Kg6 30. Qh7+ Kg5 31. Qg8+) 29. Qf3+ Kc4 30. Qb3+ Kd4 31.
Qd3#) 26. Qh6+ Kf7 27. Rf8+ Ke7 28. Qg7+) 25. Rxg7+ Kf6 26. Rg1 $1 {A wicked
move that snuffs out black's hopes of a tactical defence based on white's weak
last rank. What follows is an exercise in pure tactics.} (26. Rf8+ Ke5 {
is no longer so clear.}) 26... Qf4 (26... Rb8 {trying to remove the rook from
the diagonal also fails:} 27. Re1 Qf4 (27... e5 28. Qh6+ Ke7 29. Rh7+ Rf7 30.
Qg5+ Ke8 31. Qg8+ Rf8 32. Qg6+) 28. Rf8+) 27. Rf8+ Ke5 (27... Ke7 28. Rg7+) 28.
Re1+ Kxd5 29. Qg2+ Kc5 30. Rxf5+ Qxf5 31. Qxa8 {The rest is simple.} e5 32. h4
Kb6 33. Qb8+ Kc6 34. h5 Be6 35. Qe8+ Bd7 36. Qg6 Qf3 37. Qe4+ Qxe4 38. Rxe4 1-0

[Event "GER-ch 71st"]
[Site "Altenkirchen"]
[Date "1999.11.13"]
[Round "2"]
[White "Mueller, Matthias"]
[Black "Lutz, Christopher"]
[Result "1/2-1/2"]
[WhiteElo "2403"]
[BlackElo "2591"]
[Annotator "Tsesarsky,I"]
[PlyCount "79"]
[EventDate "1999.11.12"]
[EventType "swiss"]
[EventRounds "9"]
[EventCountry "GER"]
[SourceTitle "CBM 074"]
[Source "ChessBase"]
[SourceDate "2000.02.01"]
[SourceVersion "1"]
[SourceVersionDate "2000.02.01"]
[SourceQuality "1"]

1. e4 c5 2. Nf3 d6 3. d4 cxd4 4. Nxd4 Nf6 5. Nc3 a6 6. Bg5 e6 7. f4 Be7 8. Qf3
Qc7 9. O-O-O Nbd7 10. g4 b5 11. Bxf6 Nxf6 12. a3 Nd7 (12... Rb8 {-main line})
13. f5 (13. Bg2 O-O 14. e5 d5 15. Nf5 (15. Nxe6 fxe6 16. Nxd5 exd5 17. Qxd5+
Kh8 18. Qxa8 Rxf4 $15) 15... Nb6 (15... Bc5 16. b4 Ba7 (16... exf5 17. Nxd5
fxg4 18. Qg3 Qa7 19. bxc5 Nxc5 20. Ne7+ (20. h3 $16) 20... Qxe7 21. Bxa8 $16)
17. Nd6 $132) 16. Nxe7+ Qxe7 17. g5 b4 $132 {1-0 Hector,J-Rowson,J/Copenhagen
Politiken 1996 (41)}) (13. Rg1 Bb7 14. Qe3 O-O 15. f5 Nc5 16. g5 e5 17. Nde2
$16 {0-1 Leflar,D-Bettridge,W/cr D-25 1986 (29)}) 13... Ne5 14. Qg3 Rb8 15. g5
$5 (15. Na2 Bd7 16. Be2 Rc8 17. c3 Qc5 18. Kb1 $132 {0-1 Molchanov,M-Maeder,K/
cr WER/C1 1977 (55)}) 15... b4 16. axb4 Rxb4 17. Bh3 {[%csl Re6]} (17. Nb3 Qb6
18. Re1 Bb7 19. Bh3 exf5 20. exf5 Bxh1 $19 {1-0 Vozka-Dobes/cr ch CZE teams
1993 (28)}) 17... Qb6 {The forced variation, starting by this move, results in
game equalizing...} (17... h6 18. fxe6 (18. gxh6 Rxh6 {[%csl Ye6]} 19. Rhf1 Qa5
20. Nb3 Qb6 21. fxe6 fxe6 22. Bg2 Bf6 $17) 18... Bxg5+ 19. Kb1 fxe6 20. Nxe6
Bxe6 21. Bxe6 $44) 18. fxe6 $8 Rxd4 19. exf7+ Nxf7 20. Bxc8 Bxg5+ 21. Kb1 Rb4 (
21... Bf6 22. Rxd4 Bxd4 23. Rf1 Ne5 24. Be6 (24. Qxg7 Qxb2+ 25. Kxb2 Nc4+ 26.
Kc1 Bxg7 27. Nd5 a5 $11) 24... Rf8 25. Rxf8+ Kxf8 26. Bb3 $11) 22. Nd5 ({
It was possible to draw immediately} 22. b3 Rxb3+ (22... Bf6 23. Nd5 Qa5 24.
Nxf6+ gxf6 25. Bf5 $14) 23. cxb3 Qxb3+ 24. Ka1 Qa3+ 25. Kb1 Qb3+ $11) 22...
Rxb2+ 23. Ka1 Qb8 24. Qc3 $2 $17 {[%mdl 8192]} (24. Qa3 $1 Rb5 25. Bxa6 Rc5 26.
Qa4+ Kf8 27. Rhf1 $132) 24... Rb5 25. Be6 $2 $19 (25. Bxa6 Rc5 26. Rb1 Qxb1+
27. Rxb1 Rxc3 28. Bb5+ Kd8 29. Nxc3 Bf6 30. Kb2 Ng5 31. Bd3 Kd7 $17) 25... Rc5
{Waste complications} ({Wins easily} 25... O-O 26. Rhf1 (26. h4 Rxd5 $1 27.
Rxd5 Bf6 $19) 26... Rc5 27. Rxf7 (27. Qa3 Qe8 28. Rxf7 Rxf7 29. Bxf7+ Qxf7 $19)
27... Rxf7 28. Rb1 Qxb1+ 29. Kxb1 Rxc3 30. Nxc3 Kf8 31. Bxf7 Kxf7 $19) 26.
Bxf7+ Kxf7 27. Rdf1+ Kg6 28. Qa3 Qe8 29. Rhg1 Qe5+ 30. c3 Qxe4 31. Rxg5+ Kxg5
32. Qc1+ Kg6 $4 $11 (32... Kh5 $1 33. Qd1+ (33. Nf4+ Kh4 34. Ng6+ Qxg6 35. Rf4+
Kh5 36. Qd1+ Kh6 37. Rh4+ Rh5 38. Qd2+ Qg5 39. Qxd6+ g6 $19) 33... Kh6 34. Qd2+
g5 35. Rf6+ Kh5 36. Rxd6 Qh1+ $19) 33. Rg1+ (33. Nf4+ Kf7 $19) 33... Kf7 $8 34.
Rxg7+ $1 Kxg7 (34... Kf8 35. Qf1+ Kxg7 36. Qf6+ Kg8 37. Ne7+ (37. Qd8+ Kf7 38.
Qf6+ Ke8 39. Qxh8+ Kf7 (39... Kd7 40. Nf6+ $18) 40. Qf6+ Ke8 41. Qh8+ $11)
37... Qxe7 38. Qxe7 $14) 35. Qg5+ Qg6 36. Qe7+ Kh6 37. Qh4+ Kg7 38. Qe7+ Kh6
39. Qh4+ Kg7 40. Qe7+ 1/2-1/2

[Event "Recklinghausen"]
[Site "Recklinghausen"]
[Date "1998.08.02"]
[Round "9"]
[White "Luther, Thomas"]
[Black "Georgiev, Kiril"]
[Result "1/2-1/2"]
[WhiteElo "2510"]
[BlackElo "2675"]
[Annotator "Tyomkin,D"]
[PlyCount "60"]
[EventDate "1998.07.25"]
[EventType "tourn"]
[EventRounds "9"]
[EventCountry "GER"]
[EventCategory "12"]
[SourceTitle "CBM 067"]
[Source "ChessBase"]
[SourceDate "1998.11.30"]
[SourceVersion "2"]
[SourceVersionDate "1998.11.01"]
[SourceQuality "1"]

1. e4 c5 2. Nf3 d6 3. d4 cxd4 4. Nxd4 Nf6 5. Nc3 a6 6. Bg5 e6 7. f4 Be7 8. Qf3
Qc7 9. O-O-O Nbd7 10. g4 b5 11. Bxf6 Nxf6 12. g5 Nd7 13. f5 Bxg5+ 14. Kb1 Ne5
15. Qh5 Qd8 16. h4 Bf6 17. fxe6 {This variation is quite dangerous for black,
but pherhaps black can hold position by accurate play.} O-O (17... g6 $2 18.
exf7+ Kxf7 19. Qh6 Bg7 20. Qf4+ Qf6 21. Qg3 $16 {Luther,T-Kersten,U/Bad
Zwesten op 1997/1-0(29)}) 18. Bh3 Kh8 $1 (18... g6 $6 19. Qe2 Kh8 (19... Bxh4
$2 20. Qh2 $16 g5 $2 21. e7 $1 Qxe7 22. Bxc8 Raxc8 23. Nf5 Qa7 24. Nd5 $18 {
Shmuter,L-Loeffler,M/Ostrava op 1992/1-0(28)}) 20. h5 g5 21. Nd5 fxe6 22. Bxe6
$16 {Stripunsky,A-Jaworski,M/Ceske Budejovice op 1995/1-0(29)}) (18... Re8 $2
19. Nc6 $1 {[%csl Rf7]} Qc7 20. Nxe5 Bxe5 21. Nd5 Qa7 22. exf7+ Qxf7 23. Qxf7+
Kxf7 24. Nc7 $18 {Psakhis,L-Gruenfeld,Y/ISR-chT 1996/1-0(50)}) (18... Ng6 $2
19. exf7+ Rxf7 20. Be6 Bxe6 21. Nxe6 Qe8 22. Ng5 Bxg5 23. hxg5 Nf8 (23... Qe6
24. Qxh7+ Kf8 25. Nd5 $18 {Walter-Scholz, BRD 1993}) 24. g6 Rf6 25. Nd5 Rxg6
26. Ne7+ Qxe7 27. Qd5+ $18 {Epishin,V-Karpman,V/Minsk 1990/1-0(37)}) 19. Nd5
fxe6 20. Bxe6 Ra7 (20... g6 21. Qe2 Nc4 22. Bxc8 Bxd4 (22... Qxc8 23. h5 $16)
23. Rxd4 Rxc8 24. h5 $16 {Chorfi,K-Brunner,L/Novi Sad olm 1990/1/2-1/2(47)}) (
20... Nc4 $5 {That's strange that nobody tried this line from 1978!} 21. Nf4 {
[%cal Rf4g6]} (21. Nc6 Qe8 22. Qxe8 Rxe8 23. Bf7 $6 Rf8 24. Nxf6 Rxf7 25. Ne8
Bg4 $17) (21. Bf7 Ne5 $1) 21... Qe8 22. Qxe8 Rxe8 23. Bd5 Ra7 24. h5 $2 Bg5 $15
{Gutierrez,J-Szmetan,J/Bogota 1978/0-1(41)}) 21. Rdf1 Be7 $1 $146 {That's
improvement of the variation,but still it doesn't solve all black's problems.
It's good idea to check 20...Nc4 for those who play this variation with black.}
(21... g6 $2 22. Qe2 {[%cal Gh4h5]} Bg7 $2 (22... Bb7 23. h5 g5 24. Bf5 $1 $16
{[%cal Gd4e6]} (24. Nf5 Bxd5 $132 {[%cal Ge5c4]})) 23. h5 Rxf1+ 24. Qxf1 Bxe6
25. Nxe6 Qe8 26. Nec7 Qf7 27. Qxf7 Nxf7 28. hxg6 $18 {Shabalov,A-Fedorowicz,J/
NY Marshall CC 1992/1-0(44)}) 22. Bf5 (22. Bxc8 Rxf1+ (22... Qxc8 23. Nf5 $18)
23. Rxf1 Qxc8 24. Nf5 Bf8 $14) 22... Bxf5 (22... g6 23. Bxg6 $1 Nxg6 24. Nc6
$18) 23. exf5 $6 {White gets e6-square for the knight,but loses pressure on
f-file.} (23. Rxf5 Rxf5 (23... g6 24. Rxf8+ Qxf8 25. Qe2 $16 {[%cal Gh4h5]})
24. Qxf5 $16) 23... Qe8 24. Qd1 Rf7 25. Ne6 Qc6 26. Rhg1 Bf6 27. Ng5 {White
still has advantage,but from some reasons Luther decided to force a draw by
move repeatition.} (27. h5 {[%cal Gh5h6]} h6 {[%cal Ge5c4]} 28. Rg3 $14 {
[%cal Gf1g1,Yg3c3] /+/-}) 27... Rf8 28. Ne6 Rff7 29. Ng5 Rf8 30. Ne6 Rff7
1/2-1/2

[Event "CUB-ch"]
[Site "Holguin"]
[Date "2002.04.08"]
[Round "8"]
[White "De la Paz Perdomo, Frank"]
[Black "Dominguez Perez, Leinier"]
[Result "0-1"]
[WhiteElo "2427"]
[BlackElo "2594"]
[Annotator "Tyomkin,D"]
[PlyCount "64"]
[EventDate "2002.03.31"]
[EventType "tourn"]
[EventRounds "17"]
[EventCountry "CUB"]
[EventCategory "9"]
[SourceTitle "CBM 089"]
[Source "ChessBase"]
[SourceDate "2002.08.12"]
[SourceVersion "1"]
[SourceVersionDate "2002.08.12"]
[SourceQuality "1"]

1. e4 c5 2. Nf3 d6 3. d4 cxd4 4. Nxd4 Nf6 5. Nc3 a6 6. Bg5 e6 7. f4 Be7 8. Qf3
Qc7 9. O-O-O Nbd7 10. g4 b5 11. Bxf6 Nxf6 12. g5 Nd7 13. f5 Nc5 14. f6 gxf6 15.
gxf6 Bf8 16. Nf5 $6 {Dubious choice of white- according the theory white
achieves the advantage in main lines; Two main moves are:} (16. Rg1) (16. Qh5)
16... exf5 (16... Bb7 17. Bxb5+ (17. Ng7+ $5 Bxg7 18. Bxb5+ $1) 17... Kd8 (
17... axb5 18. Nxb5 $18 {[%cal Gf5d6]}) 18. Nxd6 $1 Bxd6 19. Rxd6+ Kc8 (19...
Qxd6 20. Rd1 Bd5 21. exd5 e5 22. Bc6 $18) 20. Rhd1 axb5 21. Nxb5 Qa5 22. Nc3
Ra6 23. R6d4 $14 {[%csl Rc8][%cal Gd4c4,Gf3g3] 1-0 Trichkov,V-Todorov,I/Bankia
1990/EXT 98 (58). (57)}) 17. Nd5 Qa5 {nothing clear also in 17...Qc6 line, but
17...Qa5 is just good for black in view of Qxa2 direct threat;} (17... Qc6 18.
exf5 Bb7 (18... Nd7 19. Bg2 Bb7 (19... Ne5 20. Rhe1 Bh6+ 21. Kb1 Bb7 22. Qh5
$40 {[%cal Gd5f4,Gf4e6]}) 20. Rhe1+ Kd8 21. Qe3 Ne5 22. Ne7 Qxg2 23. Rxd6+ (23.
Qxe5 $142 $18) 23... Ke8 24. Qxe5 Bh6+ 25. Kb1 Kf8 26. Red1 Re8 27. Rd8 {
1-0 Wolff,P-Gunawan,R/Kiljava 1984/EXT 2000 (27).}) 19. Qe3+ $6 (19. Bg2 O-O-O
20. Qh5 $13 {[%cal Gh5f7]}) 19... Kd7 20. Bg2 Re8 21. Ne7 $4 Qxg2 22. Rhg1 Qxh2
23. Qxc5 Bxe7 24. fxe7 Rc8 {0-1 Ady,J-Gallagher,J/London 1984/MCL (24).}) 18.
a3 {[%cal Rb2b4] 18.Qe3 probably is the most resistant but black has couple of
way to achieve the advantage there too;} (18. Kb1 fxe4 19. Qe3 {[%cal Rb2b4]}
b4 $1 $19 {0-1 David,A-Howell,J/Groningen 1985/EXT 2000 (27). (27)}) (18. exf5
Qxa2 {[%cal Rf8h6]}) (18. Qe3 Qxa2 (18... Nxe4 19. Bg2 Be6 $17) 19. Nc7+ Kd8
20. Nxa8 Bb7 21. Nb6 Bxe4 $17 {[%csl Rc1][%cal Gh7h5,Rf8h6]}) 18... fxe4 19.
Qg3 b4 $6 {This move leads to big complications, which weren't necessary at
all; Black has couple of simple ways to keep large material advantage:} (19...
Qd8 {[%cal Gc8e6]} 20. Bg2 Be6 21. Rhe1 Bxd5 22. Rxd5 Qxf6 23. Bxe4 O-O-O $19)
(19... Ne6 20. Bg2 b4 21. Nxb4 $140 Bb7 {[%cal Gd6d5]}) 20. axb4 (20. Nxb4 Be6
$19) 20... Qa1+ $2 {Another unaccuracy- black advantage becomes problematic
now; Again, black missed the strongest way but not very obvious this time:} (
20... Qa2 {[%cal Gf8h6]} 21. bxc5 Bh6+ 22. Ne3 Rb8 23. Rxd6 (23. b3 Qa1+ 24.
Kd2 Qd4+ 25. Ke2 Qxe3+ 26. Qxe3 Bg4+ $19) 23... Qxb2+ 24. Kd1 (24. Kd2 Rb3 $1 {
[%csl Re3]}) 24... Qb1+ 25. Ke2 Qb5+ $19 {[%cal Gb5c5]}) 21. Kd2 Qxb2 22. bxc5
Qd4+ (22... Qb7 23. Ke1 Be6 24. Qa3 $1 Bxd5 25. Rxd5 Qxd5 26. Qa4+ $11 {
[%cal Ga4a5] perpetual check here;}) 23. Ke1 Qxc5 24. Qf4 $1 {[%csl Re4] White
grabs e4 pawn now and both king become vulnerable;} Bb7 (24... Be6 25. Qxe4 Rc8
26. c3 $15) 25. Qxe4+ Kd8 26. c4 Bc6 27. Rb1 (27. Be2 Rg8 28. Kf1 Rg6 $17 {
[%cal Rg6f6]}) 27... Rg8 28. Qxh7 Rg5 29. Qxf7 Re5+ 30. Be2 Bxd5 31. cxd5 Qc3+
32. Kd1 $4 {[%mdl 8192] just blundering in one move; in case of 32.Kf1 black's
attack would continue, but there is no clear way to reach the advantage there:}
(32. Kf1 Qh3+ 33. Ke1 $8 Qh4+ 34. Kd1 $8 (34. Kf1 Rf5+ $19) 34... Qd4+ 35. Ke1
$8 Bh6 36. Qg8+ $8 Re8 {[%cal Rd4d2]} 37. Qg2 Rf8 38. Qg4 Qd2+ 39. Kf2 Rxf6+
40. Kg2 Qxd5+ 41. Bf3 Qa2+ 42. Kh3 $8 Bf4 {[%cal Rf6h6]} 43. Qh4 $8 Qe6+ 44.
Kg2 $8 Qe7 $1 {and black is still better but very far from ti win the game!})
32... Bh6 {[%csl Rd2]} (32... Bh6 33. Qg8+ Re8 $19) 0-1

[Event "Mario Covas 2nd"]
[Site "Santos"]
[Date "2002.02.25"]
[Round "6"]
[White "Lima, Darcy Gustavo Macha"]
[Black "Morovic Fernandez, Ivan"]
[Result "1-0"]
[WhiteElo "2540"]
[BlackElo "2554"]
[Annotator "Tyomkin,D"]
[PlyCount "51"]
[EventDate "2002.02.20"]
[EventType "tourn"]
[EventRounds "9"]
[EventCountry "BRA"]
[EventCategory "9"]
[SourceTitle "CBM 088"]
[Source "ChessBase"]
[SourceDate "2002.03.21"]
[SourceVersion "1"]
[SourceVersionDate "2002.03.21"]
[SourceQuality "1"]

1. e4 c5 2. Nf3 d6 3. d4 cxd4 4. Nxd4 Nf6 5. Nc3 a6 6. Bg5 e6 7. f4 Nbd7 8. Qf3
Qc7 9. O-O-O Be7 10. g4 b5 11. Bxf6 Nxf6 12. g5 Nd7 13. f5 Nc5 14. f6 gxf6 15.
gxf6 Bf8 16. Rg1 h5 17. Rg7 Bb7 $146 {Up to analyses of Tsesarsky, 17..b4 is
the best and only move for black here; 17..Bb7 doesn't solve black problems as
it is proved in this game; For some reason, such an experienced GM, like
Morovic, wasn't well prepared for this sharp line;} (17... b4 $1 {Tsesarsky}
18. Nd5 (18. Nce2 {Tsesarsky} Bxg7 19. fxg7 Rg8 20. Qxh5 Bb7 21. Qh7 O-O-O 22.
Ng3 d5 $17) (18. e5 {Tsesarsky} Bb7 19. Nxe6 Nxe6 20. Nd5 Qa5 $19) 18... exd5
19. exd5 Nd7 $1 (19... Bg4 20. Re1+ Kd8 21. Qg3 Kc8 22. Nc6 Kb7 23. h3 Bxg7 (
23... Bf5 24. Qf4 {[%csl Yb4,Yf5]}) 24. fxg7 Rhe8 (24... Rhg8 25. hxg4 Rxg7 26.
Re7 Nd7 27. g5 $1 {[%cal Gf1h3]} Rag8 $140 28. Qd3 {[%cal Yd3a6]}) 25. hxg4
hxg4 26. Rxe8 Rxe8 27. Qxg4 Rg8 28. Qxb4+ $18 {1-0 Efimenko,Z-Nakamura,H/
Internet 2000/CBM 74 ext (40)}) 20. Nc6 (20. Re1+ {Tsesarsky} Ne5 21. Rxe5+
dxe5 22. d6 Qb7 23. d7+ Qxd7 24. Qxa8 Bxg7 25. fxg7 Rg8 26. Bxa6 Ke7 27. Nc6+
Kf6 28. Nxb4 Kxg7 $15) (20. Ne6 {Tsesarsky} Qa5 (20... fxe6 $2 {Tsesarsky} 21.
dxe6 Ne5 $8 22. Qxa8 $18) 21. Nxf8 (21. Re1 {Tsesarsky} b3 22. Qg3 bxa2 $19)
21... Ne5 22. Qb3 Kxf8 23. Rd4 Rh6 $17) 20... Bb7 (20... Bxg7 $2 {Tsesarsky}
21. fxg7 Rg8 22. Qxh5 $18) 21. Re1+ Ne5 22. Nxe5 dxe5 23. Qf5 Bd6 24. Bg2 Rd8
25. Rh7 Rxh7 26. Qxh7 Qa5 27. Qg8+ Kd7 28. Qxf7+ Kc8 $19) (17... Nd7 $2 $16 {
Tsesarsky} 18. e5 $1 {1-0 Gershon,A-Halkias,S/Menorca 1996/CBM 56/[Tsesarsky] 
(37)}) (17... Bxg7 $2 {Tsesarsky} 18. fxg7 Rg8 19. Bxb5+ $1 $18) 18. Bh3 $1 b4
(18... Bxg7 19. fxg7 Rg8 20. Ndxb5 $1 axb5 21. Nxb5 Qc6 22. Nxd6+ $18 {[%csl
Rf7]}) (18... O-O-O 19. Nxe6 $18) 19. Nd5 {19.Nxe6 was interesting alternative,
but 19.Nxd5 probably leads to the winning position;} (19. Nxe6 Nxe6 20. Bxe6
bxc3 21. Rxf7 Qxf7 (21... Qb6 22. Qxc3 $18) 22. Bxf7+ Kxf7 23. Qxc3 Bxe4 24.
Qc7+ Ke6 $1 (24... Kg6 $143 25. Rg1+ Kh6 26. Qc3 $1 $18 {[%cal Gc3e3]}) 25. b4
$1 {[%cal Gc2c4,Yc1b2]} (25. Re1 d5 26. Qc6+ Ke5 $1 27. Qxa8 $140 Bh6+ {
[%cal Gh8a8]}) 25... d5 26. c4 $36 {and it looks like white has reached some
advantage here;}) 19... exd5 $8 20. exd5 Nd7 $2 {20...Kd8 was only move,
however white wins there as well;} (20... Kd8 $8 21. Re1 $1 {[%cal Gf3e3]} (21.
Be6 fxe6 22. Rxc7 Kxc7 23. c4 Bh6+ (23... bxc3 $2 24. b4 {[%csl Re6]}) 24. Kb1
Raf8 {[%cal Ge6e5]}) 21... b3 $1 {[%csl Ye1][%cal Gc7a5]} 22. a3 $1 bxc2 23.
Qe3 Qb8 $8 24. Bg2 $1 {[%cal Yg2d5,Rb2b4]} (24. b4 Bxd5 {and suddenly black
queen is useful over b-file;}) 24... Qc8 $8 25. b4 Nd7 26. Rxf7 {[%cal Rd4e6]}
Kc7 {[%cal Rf8h6]} 27. Kxc2 $18) {Now everything is quite simple:} 21. Bxd7+
Qxd7 22. Nc6 {[%cal Rd1e1] White wins here by force;} Bxc6 23. Re1+ Kd8 24.
dxc6 Qc7 25. Qe4 {[%cal Re4e8]} Bxg7 26. fxg7 (26. fxg7 Rg8 27. Qh7 $18 {
[%csl Rg8]}) 1-0